| 000 | 01441nam a2200373Ia 4500 | ||
|---|---|---|---|
| 001 | ebr10510440 | ||
| 003 | CaPaEBR | ||
| 006 | m u | ||
| 007 | cr cn||||||||| | ||
| 008 | 101004s2011 enka sbf 001 0 eng d | ||
| 010 | _z 2010042177 | ||
| 020 | _z9781405175210 | ||
| 020 | _z9781444393262 | ||
| 020 | _z1405175214 | ||
| 040 |
_aCaPaEBR _cCaPaEBR |
||
| 035 | _a(OCoLC)729731433 | ||
| 050 | 1 | 4 |
_aTA685 _b.H39 2011eb |
| 082 | 0 | 4 |
_a624.1/821 _222 |
| 100 | 1 |
_aHayward, Alan _q(Alan T. J.) |
|
| 245 | 1 | 0 |
_aSteel detailers' manual _h[electronic resource] / _cAlan Hayward and Frank Weare. |
| 250 |
_a3rd ed. / _brevised by Anthony Oakhill. |
||
| 260 |
_aOxford : _bWiley-Blackwell, _c2011. |
||
| 300 |
_avi, 169 p. : _bill. |
||
| 504 | _aIncludes bibliographical references and index. | ||
| 533 |
_aElectronic reproduction. _bPalo Alto, Calif. : _cebrary, _d2011. _nAvailable via World Wide Web. _nAccess may be limited to ebrary affiliated libraries. |
||
| 650 | 0 |
_aSteel, Structural _vHandbooks, manuals, etc. |
|
| 650 | 0 |
_aBuilding, Iron and steel _vHandbooks, manuals, etc. |
|
| 650 | 0 |
_aBuilding, Iron and steel _xDetails _vHandbooks, manuals, etc. |
|
| 655 | 7 |
_aElectronic books. _2local |
|
| 700 | 1 | _aWeare, Frank. | |
| 700 | 1 | _aOakhill, Anthony. | |
| 710 | 2 | _aebrary, Inc. | |
| 856 | 4 | 0 |
_uhttp://site.ebrary.com/lib/rucke/Doc?id=10510440 _zAn electronic book accessible through the World Wide Web; click to view |
| 999 |
_c222952 _d222952 |
||